| Current Events - U.S. | 2 | 10.00 | 100% | 0% | 0% |
| Current Events - World | 3 | 13.33 | 100% | 33% | 0% |
| Fine Arts - Architecture | 1 | 20.00 | 100% | 100% | 0% |
| Fine Arts - Ballet/Dance | 1 | 20.00 | 100% | 100% | 0% |
| Fine Arts - Film | 1 | 20.00 | 100% | 100% | 0% |
| Fine Arts - Jazz | 1 | 20.00 | 100% | 100% | 0% |
| Fine Arts - Miscellaneous | 4 | 15.00 | 100% | 50% | 0% |
| Fine Arts - Music | 4 | 27.50 | 100% | 100% | 75% |
| Fine Arts - Opera | 2 | 15.00 | 100% | 50% | 0% |
| Fine Arts - Painting | 8 | 26.25 | 100% | 100% | 63% |
| Fine Arts - Photography | 1 | 30.00 | 100% | 100% | 100% |
| Fine Arts - Sculpture | 3 | 20.00 | 100% | 33% | 67% |
| Geography - United States | 1 | 10.00 | 100% | 0% | 0% |
| Geography - World | 1 | 20.00 | 100% | 100% | 0% |
| History - American | 8 | 12.50 | 88% | 38% | 0% |
| History - Cross, Historiography, and Miscellaneous | 7 | 18.57 | 100% | 71% | 14% |
| History - European | 7 | 18.57 | 86% | 57% | 43% |
| History - World | 4 | 17.50 | 100% | 25% | 50% |
| Literature - American | 12 | 19.17 | 92% | 83% | 17% |
| Literature - British | 8 | 22.50 | 100% | 100% | 25% |
| Literature - European | 9 | 24.44 | 100% | 78% | 67% |
| Literature - World and Miscellaneous | 8 | 25.00 | 100% | 100% | 50% |
| Other - Other Academic and General Knowledge | 3 | 13.33 | 67% | 33% | 33% |
| RMP - Buddhism | 1 | 20.00 | 100% | 100% | 0% |
| RMP - Christian Practice | 1 | 10.00 | 100% | 0% | 0% |
| RMP - East Asian Religion | 1 | 10.00 | 100% | 0% | 0% |
| RMP - Greco-Roman Mythology | 4 | 27.50 | 100% | 100% | 75% |
| RMP - Jewish Practice | 1 | 10.00 | 100% | 0% | 0% |
| RMP - New Testament | 2 | 10.00 | 100% | 0% | 0% |
| RMP - Other Religion | 2 | 15.00 | 100% | 50% | 0% |
| RMP - Philosophy | 5 | 18.00 | 80% | 60% | 40% |
| RMP - World Mythology | 8 | 22.50 | 88% | 100% | 38% |
| Science - Astronomy | 1 | 20.00 | 100% | 100% | 0% |
| Science - Biology | 9 | 17.78 | 100% | 67% | 11% |
| Science - Chemistry | 7 | 12.86 | 86% | 29% | 14% |
| Science - Computer Science | 2 | 15.00 | 100% | 50% | 0% |
| Science - Earth | 4 | 17.50 | 100% | 75% | 0% |
| Science - Engineering and Miscellaneous | 2 | 5.00 | 50% | 0% | 0% |
| Science - Math | 2 | 20.00 | 100% | 50% | 50% |
| Science - Physics | 11 | 20.91 | 100% | 82% | 27% |
| Social Science - Economics | 2 | 20.00 | 100% | 100% | 0% |
| Social Science - Linguistics | 1 | 10.00 | 100% | 0% | 0% |
| Social Science - Other | 2 | 15.00 | 100% | 50% | 0% |
| Social Science - Psychology | 3 | 20.00 | 100% | 67% | 33% |